[Event "ROM-ch U14 Girls"]
[Site "Calimanesti"]
[Date "2018.03.30"]
[Round "5"]
[White "Marin, Alexia Iuliana"]
[Black "Hejja, Irisz Hanna"]
[Result "0-1"]
[WhiteElo "1273"]
[BlackElo "1386"]
[PlyCount "124"]
[EventDate "2018.03.27"]
[EventType "swiss"]
[EventRounds "9"]
[EventCountry "ROU"]
[SourceTitle "EXT 2019"]
[Source "ChessBase"]
[SourceDate "2018.10.10"]
[SourceVersion "1"]
[SourceVersionDate "2018.10.10"]
[SourceQuality "1"]

1. d4 d5 2. Nf3 Bf5 3. e3 e6 4. Bd3 Bg6 5. b3 Nf6 6. Bb2 Bd6 7. 0-0 Ne4 8. Nbd2 f5 9. Ne5 Nd7 10. f4 Bxe5 11. fxe5 0-0 12. Bxe4 fxe4 13. Rxf8+ Qxf8 14. Qg4 Qf5 15. Qf4 Qxf4 16. exf4 Rf8 17. g3 c6 18. Re1 Bf5 19. c3 b6 20. b4 b5 21. a3 Nb6 22. Re3 Rb8 23. Nb3 Nc4 24. Re2 Bg4 25. Rc2 Bd1 26. Rg2 Bxb3 27. Bc1 Rb6 28. Rf2 Rb7 29. f5 exf5 30. Rxf5 Rf7 31. Rf2 Rxf2 32. Kxf2 Kf7 33. Ke2 Ke6 34. g4 h6 35. h3 Nb6 36. Ke3 Nd7 37. Kf4 Nf8 38. Kg3 Nh7 39. h4 g5 40. hxg5 hxg5 41. Kf2 Kf7 42. Be3 Kg6 43. Ke2 Nf8 44. Kf2 Ne6 45. Kg3 Bd1 46. Bd2 Nd8 47. Be3 Nf7 48. e6 Nd6 49. Bd2 Kf6 50. e7 Kxe7 51. Bxg5+ Kf7 52. Bc1 Nc4 53. Kf4 Kg6 54. g5 a6 55. Kg3 e3 56. Kg2 Kxg5 57. Kg3 Kf5 58. Kg2 Ke4 59. Kf1 Kd3 60. Ke1 Kc2 61. Bxe3 Nxe3 62. Kf2 Nc4 0-1

[Event "ROM-ch U12 Girls"]
[Site "Calimanesti Caciulata"]
[Date "2016.04.22"]
[Round "6"]
[White "Marin, Alexia Iuliana"]
[Black "Ciolacu, Alessia Mihaela"]
[Result "0-1"]
[WhiteElo "1262"]
[BlackElo "1491"]
[PlyCount "94"]
[EventDate "2016.04.18"]
[EventType "swiss"]
[EventRounds "9"]
[EventCountry "ROU"]
[SourceTitle "CBM 172 Extra"]
[Source "ChessBase"]
[SourceDate "2016.06.21"]
[SourceVersion "1"]
[SourceVersionDate "2016.06.21"]
[SourceQuality "1"]

1. e4 e5 2. Nf3 Nc6 3. Bc4 Nf6 4. d3 Bc5 5. Nc3 d6 6. h3 Be6 7. Bb3 h6 8. 0-0 0-0 9. Be3 Bb6 10. Nd5 Re8 11. a4 Bxd5 12. Bxd5 Nxd5 13. exd5 Ne7 14. c4 c6 15. b3 cxd5 16. Bxb6 Qxb6 17. cxd5 Nxd5 18. d4 exd4 19. Qxd4 Qxd4 20. Nxd4 Nf6 21. Nb5 Red8 22. Rfd1 d5 23. Rac1 a6 24. Nc3 Rac8 25. Nxd5 Nxd5 26. Rxc8 Rxc8 27. Rxd5 Rc3 28. Rd8+ Kh7 29. Rd7 Rxb3 30. Rxf7 Rb1+ 31. Kh2 a5 32. Kg3 Rb4 33. Kf3 b6 34. Rb7 Kg6 35. g4 Kf6 36. Ke3 g5 37. Rb8 Ke7 38. Kd3 Kd7 39. Kc3 Kc7 40. Rh8 Rxa4 41. Kb3 Rf4 42. Rxh6 Rxf2 43. Rh7+ Kb8 44. Rh8+ Ka7 45. Rh7+ Ka6 46. Rg7 Rf3+ 47. Ka4 b5# 0-1

[Event "ROM-ch U12 Girls"]
[Site "Calimanesti"]
[Date "2015.04.01"]
[Round "3"]
[White "Anghel, Maria"]
[Black "Marin, Alexia Iuliana"]
[Result "1-0"]
[WhiteElo "1488"]
[BlackElo "1287"]
[PlyCount "58"]
[EventDate "2015.03.30"]
[EventType "swiss"]
[EventRounds "9"]
[EventCountry "ROU"]
[SourceTitle "CBM 165 Extra"]
[Source "ChessBase"]
[SourceDate "2015.04.21"]
[SourceVersion "1"]
[SourceVersionDate "2015.04.21"]
[SourceQuality "1"]

1. d4 d5 2. Bg5 c6 3. e3 h6 4. Bh4 Qb6 5. Qc1 e5 6. Nf3 e4 7. Nfd2 Be7 8. Bg3 Nf6 9. Be2 0-0 10. c4 Be6 11. Nc3 Nbd7 12. 0-0 Nh7 13. Rb1 f5 14. b4 Qd8 15. b5 Qe8 16. bxc6 bxc6 17. Qc2 Qg6 18. Qa4 Rac8 19. cxd5 cxd5 20. Nxd5 Bxd5 21. Qxd7 Qf7 22. Qa4 Bxa2 23. Rbc1 Bd5 24. Nc4 Bc6 25. Qa6 Bd5 26. Rc2 Rc6 27. Qa4 Rfc8 28. Rfc1 Ng5 29. Ne5 Qe6 1-0